| 000 | 01117nam a2200277 i 4500 | ||
|---|---|---|---|
| 003 | EG-ScBUE | ||
| 005 | 20231210095541.0 | ||
| 008 | 100816s2001 l f b 000 0 ara d | ||
| 040 |
_aEG-ScBUE _bara _erda _cEG-ScBUE _dEG-ScBUE |
||
| 043 |
_aawba--- _aawgz--- _aa-is--- |
||
| 082 | 0 | 4 |
_222 _a956.94 _bب ش ي |
| 100 | 1 |
_917502 _aبشير ، سليمان، _eمؤلف. |
|
| 245 | 1 | 0 |
_aجذور الوصاية الأردنية : _bدراسة في وثائق الأرشيف الصهيوني / _cد. سليمان بشير. |
| 250 | _aالطبعة الأولى. | ||
| 264 | 1 |
_aبيروت : _bشركة قدمس للنشر والتوزيع، _c2001. |
|
| 300 |
_a176 صفحة ؛ _c20 سم |
||
| 336 |
_2rdacontent _aنص _btxt |
||
| 337 |
_aبدون وسيط _2rdamedia _bn |
||
| 338 |
_aمجلد _bnc _2rdacarrier |
||
| 504 | _aيشتمل على إرجاعات ببليوجرافية. | ||
| 541 |
_aالفرات ؛ _cشراء ؛ |
||
| 650 | 7 |
_98530 _aالقضية الفلسطينية. _2BUEsh |
|
| 650 | 7 |
_915086 _aالنزاع العربى الإسرائيلي. _2BUEsh |
|
| 655 | _vReading book | ||
| 942 |
_2ddc _cBB |
||
| 999 |
_c14666 _d14666 |
||